000 00864nam a2200193Ia 4500
001 20962
003 GE_BSU
008 181216s||||||||xx |||||||||||||| ||und||
040 _cGE_BSU
245 _aხელისუფლება და საზოგადოება.#4(26)2015. ტომი 2
245 _bსამეცნიერო ჟურნალი.ისტორია,თეორია,პრაქტიკა.
245 _cმთ.რედ:შოთა დოღონაძე.
260 _aთბილისი
260 _c2015
300 _a205გვ. ; 20სმ
653 _aსამეცნიერო ჟურნალი.ისტორია,თეორია,პრაქტიკა.
653 _aხელისუფლება და საზოგადოება.#4(26)2015. ტომი 2
942 _cCR
999 _c53911
_d53911